00566nam a2200205 a 450000100060000000300080000600500170001400800410003103500140007203500190008604000240010504100080012908200220013710000240015924500480018326000690023130000210030065000140032165000250033556889BD-RjUL20211209080439.0830525s1951 cau 000 0 eng  a(BD-RjUL) a(OCoLC)9547311 aDLCcCNoSdDLCbeng aeng a124223bLEH 1962 a Lecomte du Noüy,00aHuman destiny /cPierre Lecomte du Noèuy. aStockton, Calif.,bCollege of the Pacific,c1947 [Printing 1962] a189 p. ;c20 cm. 0aTeleology 0aReligion and science